Every English Football League Club Ending in “City” - Statistics

General Stats
  • This quiz has been taken 4,791 times
  • The average score is 10 of 18
Answer Stats
Clubs % Correct
Manchester City
98%
Leicester City
78%
Birmingham City
76%
Bristol City
73%
Cardiff City
71%
Norwich City
69%
Swansea City
64%
Coventry City
60%
Hull City
59%
Bradford City
54%
Stoke City
54%
Exeter City
48%
Lincoln City
44%
York City
40%
Chester City
32%
Leeds City
29%
Salford City
28%
Durham City
13%
No matching quizzes found
Score Distribution
Percent of People with Each Score
Percentile by Number Answered
Your Score History
You have not taken this quiz